| 000 | 02032nam a2200349 a 4500 | ||
|---|---|---|---|
| 003 | CO-PeBPR | ||
| 005 | 20260423085119.0 | ||
| 008 | 260415e2024 ck a|||| n||| 00| 0 spa c | ||
| 020 | _a9786289628036 | ||
| 040 | 0 |
_aCO-PeBPR _bspa _cCO-PeBPR _erda |
|
| 041 | 0 | _hspa | |
| 082 | 0 | 4 | _aCo863 G633c |
| 100 | 1 |
_aGómez Martínez, Heleniuda _eautora |
|
| 245 | 1 | 0 |
_aEl clan de la gente amarga _b: Iwansu-ju (pueblo Puinave) _c/ Heleniuda Gómez Martínez |
| 250 | _aEdición especial | ||
| 264 | 1 |
_aBogotá, Colombia _b: El Búho _c, 2024 |
|
| 300 |
_a128 páginas _b: ilustraciones en blanco y negro _c; 22 centímetros |
||
| 336 |
_atexto _btxt _crdacontenido |
||
| 337 |
_asin mediación _bn _2rdamedio |
||
| 338 |
_avolumen _bnc _2rdasoporte |
||
| 500 | _aIncluye índice | ||
| 500 | _aIncluye glosario. | ||
| 504 | _aIncluye bibliografía. | ||
| 520 | _aNo fue más que aprender a escribir y ya Heleinuda estaba tomando notas en su cuadernos escolares de todo lo que le escuchaba a su abuelo, un sabio centenario que todas las noches en la aldea narraba la visión puinave sobre la creación del mundo, sus dioses, la época de la Gente Pequeña, la gente estrella, Vonn el dios musical, el nacimiento de Yuruparí, el origen de los alimentos ( de manera especial la yuca brava) y los utensilios necesarios para la elaboración del mañoco. Un rescate cultural valioso y único que sirve de ejemplo para todos nosotros sobre la importancia de los ancianos en la comunidad. Muchos son los que se van a animar a escribir la historia de su pueblo, pero en el pueblo puinave fue Heleniuda la que nos mostró el camino... Tomado de la contracubierta del libro. | ||
| 650 | 1 | 4 |
_2LEMB _aCuentos indígenas colombianos |
| 650 | 1 | 4 |
_2LEMB _aLiteratura indígena colombiana |
| 650 | 1 | 4 |
_2LEMB _aPuinaves - Cuentos y leyendas |
| 650 | 1 | 4 |
_2LEMB _aTradición Oral |
| 650 | 1 | 4 |
_2LEMB _aIndígenas de Colombia _xVida Social y Costumbres _zInírida (Guainía, Colombia) |
| 650 | 1 | 4 |
_2LEMB _aLeyendas indígenas colombianas |
| 942 |
_2ddc _cBKLIT |
||
| 999 |
_c17760 _d17760 |
||